000 01538 a2200277 4500
005 20110810155150.0
010 _aENG-89658 B-423803-805
020 _a0415460934
_c275.00
035 _aEN-73191
035 _a B-423803-805
037 _bDBAD / PUB
037 _bAllied Publishers
082 1 4 _a181.499
100 1 _aMohanty, Sachidananda
_932363
245 1 _aSri Aurobindo:
_ba contemporary reader/
_cby Sachidananda Mohanty
260 _aNew Delhi
_bRoutledge
_c2008
270 _a912, Tolstoy House, 15-17 Tolstoy Marg
_bNew Delhi
_e110 001
300 _axiv, 235p.:
_c22 cm ( Hb.)
_bb&w photos
500 _aIncludes bibliographical references & index.
942 _adpl
_cEN
_2ddc
_h181.499
_mMOH
999 _c11113
_d11113